000 00505nam a2200181Ia 4500
001 9288
005 20260306161707.0
008 260306t2008||||xx |||||||||||||| ||spa||
041 _aESP
082 _a378.07
_bU61
100 _aUniversity of Notre Dame
_eAUT
245 0 _aSummary Papers:
_bbusiness education at catholic universities: the role of mission-driven business schools
260 _c2008
300 _atabs., gráfs.
_c28 cm.
650 _aGEN
654 _aCED
942 _cLIB
_dJUS
_fJUS
_2ddc
_n
999 _c9288
_d9288